| 000 | 02228cam a2200349 a 4500 | ||
|---|---|---|---|
| 001 | 17757860 | ||
| 005 | 20201128021138.0 | ||
| 008 | 130530s2014 xxk frbd 001 0 eng d | ||
| 010 | _a2013015516 | ||
| 020 | _a9780415699891 (hbk : alk. paper) | ||
| 020 | _a9780415699914 (pbk : alk. paper) | ||
| 020 | _z9780203066942 (ebk) | ||
| 040 |
_aDLC _beng _cDLC _dDLC _dEG-ScBUE |
||
| 082 | 0 | 0 |
_a006.7 _222 _bDEW |
| 100 | 1 |
_aDewdney, Andrew. _936775 |
|
| 245 | 1 | 4 |
_aThe digital media handbook / _cAndrew Dewdney and Peter Ride. |
| 250 | _a2nd ed. | ||
| 260 |
_aOxon : _bRoutledge, _c2014. |
||
| 300 |
_axii, 418 p. : _bill. ; _c25 cm. |
||
| 490 | 0 | _aMedia practice | |
| 500 | _aGlossary : p. 392-401. | ||
| 504 | _aBibliography : 402-410. | ||
| 520 | _a"The Digital Media Handbook deals with the essential diversity of digital media by combining critical commentary and descriptive and historical accounts with a series of edited interview and discussions with professional media practitioners, including producers, developers, curators and artists. The Digital Media Handbook provides an understanding of the historical and theoretical development of digital media, emphasising the complex continuities in the technological developments associated with particular cultural uses of media as well as emergence of new forms of communication in networked culture. The Digital Media Handbook focuses upon key concerns of practitioners, how they develop projects and the contexts in which they work. The interviews give a rich account of contemporary preoccupations and concerns and how practitioners are thinking about and actually solving particular problems related to network communication. The Digital Media Handbook includes ;-Essays on the history and theory of digital media-Essays on contemporary issues and debate-Interviews with digital media professionals-A glossary of technical acronyms and key terms" | ||
| 650 | 7 |
_aMultimedia systems. _914476 _2BUEsh |
|
| 650 | 7 |
_a Digital communications. _91260 _2BUEsh |
|
| 650 | 7 |
_aDigital media _xHistory. _936777 _2BUEsh |
|
| 651 | _2BUEsh | ||
| 653 |
_bCOMAME _cDecember2014 |
||
| 655 |
_vreading book _934232 |
||
| 700 | 1 |
_aRide, Peter. _936776 |
|
| 942 |
_2ddc _k006.7 DEW |
||
| 999 |
_c18711 _d18683 |
||